Регионална библиотека "Любен Каравелов" - Русе

Специалните служби (Запис номер 197683)

MARC детайли
000 -Лидер
Контролно поле с фиксирана дължина 02618nam a2200493 a 4500
003 - Код на организацията, давaща контролен номер
Контролно поле BLK
005 - Дата и час на последна редакция
Контролно поле 20250429105149.0
008 - Елементи от данни с фиксирана дължина
fixed length control field 180411b bul|||||r ||||||| ||bul||
010 ## - Наследен системен номер
LC control number KNG00206967000
020 ## - Международен стандартен номер на книга ISBN
Международен стандартен номер на книга ISBN 978-954-345-116-6
040 ## - Източник на каталожния запис
Идентификатор на билиотеката - собственик на записа BLK
041 ## - Код за език
Код за езика на текст/звукозапис или на отделно заглавие Български
Код за езика КДБФ Български
072 #7 - Код за тематичната категория
Код организация bullib
Код за тематична категория Н32
Текст Политика Н
080 ## - УДК
Текстов определител УДК Шпионаж. Политическо влияние чрез тайни (разузнавателни) служби
УДК код - определител по УДК 327.84
УДК - код + определител 327.84
080 ## - УДК
Текстов определител УДК Разузнавателна служба. Тайна служба. Шпионаж. Разузнавателна информация. Вж и 327.84 ; 344.1
УДК код - определител по УДК 355.40
УДК - код + определител 355.40
080 ## - УДК
Текстов определител УДК Политическо преследване. Терористични действия. Тероризъм - Атентати, политически убийства. Вж и 343.1 ; 343.3/.7
УДК код - определител по УДК 323.28
УДК - код + определител 323.28
080 ## - УДК
Текстов определител УДК Органи на обществения ред. Полиция. Обществена власт. Доброволни отреди. Държавна сигурност. Милиция. Дейност на полицията по вътрешно разузнаване
УДК код - определител по УДК 351.74
УДК - код + определител 351.74
100 1# - Редна дума - Автор
Автор Григоров, Пламен
Авторска отговорност първи автор
Автор - информация (биография) Тодоров, Пламен Григоров
R(LIN) 366794
139 ## - Редно поле
Редна дума Григоров, Пламен и др.
Авторски знак Григ - Г 82
245 10 - Сведения за заглавието
Заглавие Специалните служби
Подзаглавни данни Тайните господари на човечеството
Редно поле (дума) Пламен Григоров; съавт. Росица Тодорова.
257 ## - Страна на издаване
Страна на създаване/издаване България
260 ## - Област на издателските данни
Име на издателя, разпространителя и проч. Распер
Година на издаване 2017
300 ## - Физическа характеристика
Страници 300 с.
Илюстрации и др. с ил.
Размери/Мащаб 22 см
380 ## - Жанр
Жанр Обществени науки
500 ## - Общи забележки
Забележка Съдържа и Световно известни шпиони.
650 #4 - Допълнително описание по предмет – тема
Основно описание – тема или топоним Тайни служби
9 (RLIN) 266564
650 #4 - Допълнително описание по предмет – тема
Основно описание – тема или топоним Разузнаване - популярна литература
9 (RLIN) 277806
650 #4 - Допълнително описание по предмет – тема
Основно описание – тема или топоним Шпионаж и диверсия - популярна литература
9 (RLIN) 277805
650 #4 - Допълнително описание по предмет – тема
Основно описание – тема или топоним Национална сигурност
9 (RLIN) 268412
653 ## - Ключова дума – ненормативна
Ключова дума спецслужби
653 ## - Ключова дума – ненормативна
Ключова дума тайни служби
653 ## - Ключова дума – ненормативна
Ключова дума разузнаване
653 ## - Ключова дума – ненормативна
Ключова дума шпионаж
653 ## - Ключова дума – ненормативна
Ключова дума национална сигурност
659 ## - Тематичен бюлетин
Тематичен бюлетин Н
700 1# - Други автори (авторска отговорност)
Лично име Тодорова, Росица
Автороска отговорност (Описва отношението между автора и произведението) съавт.
9 (RLIN) 366986
852 ## - Местоположение
Форматна сигнатура Цб 290447
Фондова буква Хранилище
856 4# - Електронен адрес и достъп
Електронен формат pdf - файл
856 4# - Електронен адрес и достъп
Електронен формат pdf - файл
999 ## - СИСТЕМНИ КОНТРОЛНИ НОМЕРА
Koha biblionumber 197683
Koha biblioitemnumber 197683
942 ## - АРТИКУЛИ
Вид на библиотечния материал Книги
Скрит в OPAC Не
Koha issues (borrowed), all copies 23
944 ## - СЪЗДАВАНЕ И РЕДАКЦИЯ на ЗАПИСА
Създаване/Редакция Създаване
Дата на регистрацията/редакция 26.05.2017
Статус, дата на статуса Цветелина Шанова
Служител, извършил регистрацията/редакцията 30531
944 ## - СЪЗДАВАНЕ И РЕДАКЦИЯ на ЗАПИСА
Създаване/Редакция Редакция
Дата на регистрацията/редакция 09.01.2018
Статус, дата на статуса ф /
Служител, извършил регистрацията/редакцията Людмила_Стоянова
999 ## - СИСТЕМНИ КОНТРОЛНИ НОМЕРА
Koha biblioitemnumber 197683
Наличности
Код за отписване Код за изгубен артикул Код за повреда Коз за рестрикции Код за отдаване Артикулен № Име на библиотеката - собственик Име на библиотеката, в която се намира в момента Статус (Текущо местоположение) Дата на вписване в системата Местоположение - отдел Цена в лева Инвентарен номер Систематично азбучна сигнатура Баркод Номер на екземпляра Цена в евро Служебна бележка Служебен тип на артикула Източник на класификационната схема
  Не е изгубен Не е повреден без рестрикции заемане за дома 344102 Регионална библиотека "Любен Каравелов" Русе Регионална библиотека "Любен Каравелов" Русе Заемна - подръчен фонд 2017-05-26 Заемна - подръчен фонд 15.00 120000811281 П 327.8/Г 82 120000811281 1 7.67 Дост: Pk Вид: Ф N: 490 Дата: 26.05.2017 Дата инв: 07.02.2018 Бележки инв: П2018 Книги  
  Не е изгубен Не е повреден без рестрикции заемане за дома 344103 Регионална библиотека "Любен Каравелов" Русе Регионална библиотека "Любен Каравелов" Русе Заемна - подръчен фонд 2017-12-15 Заемна - подръчен фонд 15.00 120000818305 П 327.8/Г 82 120000818305 2 7.67 Дост: Pk Вид: Ф N: 498 Дата: 15.12.2017 Дата инв: 06.02.2018 Бележки инв: П2018 Книги  
  Не е изгубен Не е повреден без рестрикции ползва се в читалня 680775 Регионална библиотека "Любен Каравелов" Русе Регионална библиотека "Любен Каравелов" Русе Хранилище 2018-09-25 Хранилище 15.00 120000823591 Цб 290447 120000823591   7.67   Книги Universal Decimal Classification
Vip Innovations Ltd, Rousse, Bulgaria 2025